Countries Gaining The Most Population - Statistics

General Stats
  • This quiz has been taken 37 times
  • The average score is 16 of 20
Answer Stats
% Growth Country % Correct
4.98 Niger
100%
3.29 Chad
94%
3.80 DR Congo
94%
3.12 Mali
91%
2.69 Cameroon
89%
2.96 Central African Republic
89%
3.03 Tanzania
86%
3.13 Uganda
86%
3.08 Angola
83%
2.68 Malawi
83%
2.92 Zambia
83%
2.88 Burundi
80%
2.93 Mozambique
80%
2.70 Sudan
80%
3.10 Somalia
77%
2.66 Senegal
74%
2.74 Mauritania
71%
2.76 Benin
69%
2.81 Afghanistan
57%
5.02 Syria
26%
No matching quizzes found
Score Distribution
Percent of People with Each Score
Percentile by Number Answered
Your Score History
You have not taken this quiz